İçeriği atla

Территориальный маркетинг в развитии социально-инфраструктурных проектов в регионе Монография

Монография содержит результаты научного исследования проведенного анализа роли территориального маркетинга в положительных преобразованиях территорий и осуществлении значимых социально-инфраструктурных проектов. Такая исследовательская направленность предопределила необходимость анализа сущности и и...

Ful tanımlama

Kaydedildi:
Detaylı Bibliyografya
Yazar: Бондаренко В. А.
Materyal Türü: Монография
Edisyon:1
Online Erişim:https://znanium.ru/catalog/document?id=465200
https://znanium.ru/cover/2212/2212291.jpg
Etiketler: Etiketle
Etiket eklenmemiş, İlk siz ekleyin!
LEADER 02964nam0a2200301 i 4500
001 RU\infra-m\znanium\bibl\2212291
003 https://znanium.ru/catalog/document?id=465200
005 20250605000000.0
010 |a 978-5-7972-2913-1 
100 |a 20250605d2025 m y0rusy0150 ca 
101 0 |a rus 
102 |a RU 
200 1 |a Территориальный маркетинг в развитии социально-инфраструктурных проектов в регионе  |e Монография 
205 |a 1 
210 1 |a Ростов-на-Дону  |c Ростовский Государственный Экономический Университет (РГЭУ, бывший РИНХ)  |d 2021 
215 |a 238 с. 
330 |a Монография содержит результаты научного исследования проведенного анализа роли территориального маркетинга в положительных преобразованиях территорий и осуществлении значимых социально-инфраструктурных проектов. Такая исследовательская направленность предопределила необходимость анализа сущности и инструментария территориального маркетинга характеристики социально-инфраструктурного развития территории в рамках маркетинговой концепции а также уточнения маркетинговых решений в осуществлении социально-инфраструктурных проектов в регионах. Предназначена для студентов магистрантов аспирантов преподавателей экономических дисциплин интересующихся маркетинговыми решениями в развитии территорий. 
333 |a ВО - Магистратура 
606 |a Реклама. Маркетинг. PR  |x Основы маркетинга  |2 local 
608 |a Монография  |2 local 
675 |a 332  |z rus 
686 |a 6504  |2 rubbk 
686 |a 38.04.06  |2 okso 
700 1 |a Бондаренко  |b В. А.  |g Виктория Андреевна 
701 1 |a Романишина  |b Т.С.  |g Татьяна Сергеевна  |p Финансовый университет при Правительстве Российской Федерации 
801 0 |a RU  |b Общество с ограниченной ответственностью «ЗНАНИУМ»  |c 20250523  |2 rusmarc 
856 4 |a znanium.ru  |m ebs_support@infra-m.ru  |n НИЦ ИНФРА-М  |u https://znanium.ru/catalog/document?id=465200 
856 4 1 |a znanium.ru  |d /cover/2212  |f 2212291.jpg  |q image/jpeg  |u https://znanium.ru/cover/2212/2212291.jpg